LEADER 01075nam0-22003491i-450- 001 990000518170403321 005 20070906135127.0 010 $a0-19-856291-8 035 $a000051817 035 $aFED01000051817 035 $a(Aleph)000051817FED01 035 $a000051817 100 $a20020821d1996----km-y0itay50------ba 101 0 $aeng 105 $aa-------001yy 200 1 $aControl theory of non-linear mechanical systems$ea passivity-based and circuit-theoretic approach$fSuguru Arimoto 210 $aOxford$cClaredon Press$d1996 215 $aX, 280 p.$cill.$d24 cm 225 1 $a<>Oxford engineering science series 610 0 $aSistemi non lineari 610 0 $aSistemi meccanici 610 0 $aRobotica 610 0 $aSistemi di controllo non lineare 676 $a629.8 700 1$aArimoto,$bSuguru$025070 801 0$aIT$bUNINA$gRICA$2UNIMARC 901 $aBK 912 $a990000518170403321 952 $a10 D III 722$bDIS 3683$fDINEL 959 $aDINEL 996 $aControl theory of non-linear mechanical systems$9330966 997 $aUNINA LEADER 01243nam2 22003133i 450 001 VAN00301170 005 20251216113803.660 010 $a978-88-582-1748-1 100 $a20251216d2025 |0itac50 ba 101 $aita 102 $aIT 105 $a|||| ||||| 181 $ai$b e 182 $an 183 $anc 200 1 $aAddenda di aggiornamento$efebbraio 2025$f[a cura di] Angelo Buscema, Eugenio Madeo 210 $a[Napoli]$cDike giuridica$d2025 215 $a368 p.$d24 cm 461 1$1001VAN00300905$12001 $aCodice di contabilità pubblica$f[a cura di] Angelo Buscema, Eugenio Madeo$1205 $a3. ed$1210 $a[Napoli]$cDike giuridica$d2024$1215 $a2 volumi$d24 cm$v2 620 $dNapoli$3VANL000005 702 1$aBuscema$bAngelo$3VANV001028$4340 702 1$aMadeo$bEugenio$3VANV255214$4340 712 $aDike giuridica $3VANV114033$4650 801 $aIT$bSOL$c20260327$gRICA 899 $aBIBLIOTECA DEL DIPARTIMENTO DI GIURISPRUDENZA$1IT-CE0105$2VAN00 912 $aVAN00301170 950 $aBIBLIOTECA DEL DIPARTIMENTO DI GIURISPRUDENZA$d00CONS IV.Aa.73 $e00UBG16332 addenda 20251216 996 $aAddenda di aggiornamento$94481962 997 $aUNICAMPANIA